Diálogo sobre la historia de la pintura en México (Record no. 4432)

MARC details
000 -CABECERA
campo de control de longitud fija 00807nam a2200241 a 4500
001 - NÚMERO DE CONTROL
campo de control BRCA_4734
005 - FECHA Y HORA DE LA ÚLTIMA TRANSACCIÓN
campo de control 20190320204801.0
008 - DATOS DE LONGITUD FIJA--INFORMACIÓN GENERAL
campo de control de longitud fija 071010s1947----mx-a######---#000-0#spa-#
041 ## - CÓDIGO DE LENGUA
Código de lengua del texto/banda sonora o título independiente spa
044 ## - CÓDIGO DEL PAÍS DE LA ENTIDAD EDITORA/PRODUCTORA
Código MARC del país mx
050 #4 - SIGNATURA TOPOGRÁFICA DE LA BIBLIOTECA DEL CONGRESO
Número de clasificación ND250
Número de documento/Ítem .C68 1947
100 1# - ENTRADA PRINCIPAL--NOMBRE DE PERSONA
Nombre de persona Couto, José Bernardo
9 (RLIN) 11993
245 10 - MENCIÓN DE TÍTULO
Título Diálogo sobre la historia de la pintura en México
Mención de responsabilidad, etc. por José Bernardo Couto ; edición, prólogo y notas de Manuel Toussaint.
260 ## - PUBLICACIÓN, DISTRIBUCIÓN, ETC.
Lugar de publicación, distribución, etc. México
Nombre del editor, distribuidor, etc. FCE
Fecha de publicación, distribución, etc. 1947
300 ## - DESCRIPCIÓN FÍSICA
Extensión 162 p.
Otras características físicas il., 16 láminas
Dimensiones 22 cm.
440 #0 - MENCIÓN DE SERIE/PUNTO DE ACCESO ADICIONAL--TÍTULO
Título Biblioteca Americana
Nombre de parte o sección de la obra Serie literatura moderna
9 (RLIN) 11994
500 ## - NOTA GENERAL
Nota general Incluye índice de ilustraciones, índice analítico y notas generales
500 ## - NOTA GENERAL
Nota general D75
650 14 - PUNTO DE ACCESO ADICIONAL DE MATERIA--TÉRMINO DE MATERIA
Término de materia o nombre geográfico como elemento de entrada Pintura
Subdivisión geográfica México
9 (RLIN) 11995
700 1# - PUNTO DE ACCESO ADICIONAL--NOMBRE DE PERSONA
Nombre de persona Toussaint, Manuel
Término indicativo de función/relación ed.
9 (RLIN) 6793
902 ## - CATALOGADOR
Iniciales GFM
942 ## - ELEMENTOS DE PUNTO DE ACCESO ADICIONAL (KOHA)
Fuente del sistema de clasificación o colocación Library of Congress Classification
Tipo de ítem Koha Libros
Holdings
Estado de retiro Estado de pérdida Estado dañado No para préstamo Localización permanente Ubicación/localización actual Fecha de adquisición Número de inventario Total de préstamos Signatura topográfica completa Código de barras Fecha visto por última vez Precio válido a partir de Tipo de ítem Koha
El ejemplar forma parte de la colección y puede ser consultado según las políticas vigentes.       Biblioteca del Museo Franz Mayer (Rogerio Casas-Alatriste) Biblioteca del Museo Franz Mayer (Rogerio Casas-Alatriste) 07/10/2010 D75   ND250 .C68 1947 (D75) 4757 22/03/2019 22/03/2019 Libros